00373nam a2200145Ia 4500008004100000020001800041041000800059082001800067100001800085245003300103250000600136260003600142300001300178650003600191210716s2015 xx 000 0 und d a9788126554607 aeng a621.3821 LEEW aLee, Wi Meng. aBeginning swift programming. a1 aNew DelhibWrox Press Ltdc2015 axxvi,257 aCommunication Network(621.3821)